000 00610nam a22001577a 4500
082 _a621
100 _aSaeed ,Ubedullah
245 _aSeismic Assessment of Corrosion Resistant High Strength Low Alloy Steel (ASTM A588) Braced Frame using SAP2000 and MATLAB/Simulink /
_cUbedullah Saeed
260 _aIslamabad :
_bSMME - NUST,
_c2014.
300 _a89 p. ;
_c30cm.
650 _aMechanical Engineering-MS-Thesis
_916090
700 _aDr. Mushtaq Khan
_916155
856 _uhttp://10.250.8.41:8080/xmlui/handle/123456789/12824
942 _2ddc
_cTHE
999 _c541111
_d541111